Statistics for 10 Biggest Cities in Bosnia and Herzegovina

Click here to take the quiz!

General Stats

  • This quiz has been taken 45 times
  • The average score is 7 of 10

Answer Stats

PopulationCity% Correct
695 000Sarajevo
100%
105 000Mostar
100%
220 000Banja Luka
97%
145 000Tuzla
89%
165 000Zenica
86%
75 000Bihac
76%
35 000Bijeljina
68%
40 000Brcko
57%
35 000Prijedor
46%
40 000Bugojno
11%

Score Distribution

Percentile by Number Answered

Percent of People with Each Score

Your Score History

You have not taken this quiz